00583nam a2200205 b 4500001001500000003000900015005001700024008004100041020001900082040002800101041000800129100002100137240005000158245005100208250001000259260003000269300003400299650002000333650002400353bimo0000971148CO-ViMGA20230915225026.0980902s1997 sp | ||| ||spa  a978842613031-0 aCO-ViMGAbspacCO-ViMGA1 heng1 aWells, Robert E.10aWath's smaller than a pygmy shrew?lEspañol11a¿Hay algo más pequeño que una musaraña? a3 ed. aBarcelonabJuventudc2009 a[32] p.bil. col.c19 x 28 cm14aCuento infantil14aLiteratura infantil